Á lódáil...

Mathilerikkanni (m)

Sonraí Bibleagrafaíochta
Príomhúdar: Kunjiraman Nambiar, T H
Formáid: Printed Book
Foilsithe: Thrissur Kerala Sahithya Akademi 1979
Ábhair:
LEADER 00464nam a2200157 4500
082 |a 8M1 KUN.TH-M 
100 |a Kunjiraman Nambiar, T H 
245 |a Mathilerikkanni (m) 
250
260 |a Thrissur  |b Kerala Sahithya Akademi  |c 1979 
300
490
650 |a Malayalam poetry-- Malayalam literature 
942 |c BK 
999 |c 225469  |d 225469 
952 |0 0  |1 0  |4 0  |6 8M1_KUN_THM  |7 0  |9 239602  |a SDE  |b SDE  |d 2019-12-12  |l 0  |o 8M1 KUN.TH-M  |p SDE4789  |r 2019-12-12  |w 2019-12-12  |y BK